Republic of San Marino : Selected Issues for the 2010 Article IV Consultation.

This paper examines the development of the business model thus far and considers options for the future. The development of San Marino's financial system over the past two decades is outlined. San Marino's financial sector focuses on services to its residents and the residents of its large...

Descrizione completa

Dettagli Bibliografici
Ente Autore: International Monetary Fund
Natura: Periodico
Lingua:English
Pubblicazione: Washington, D.C. : International Monetary Fund, 2011.
Serie:IMF Staff Country Reports; Country Report ; No. 2011/079
Accesso online:Full text available on IMF
LEADER 01595cas a2200241 a 4500
001 AALejournalIMF007111
008 230101c9999 xx r poo 0 0eng d
020 |c 5.00 USD 
020 |z 9781455229109 
022 |a 1934-7685 
040 |a BD-DhAAL  |c BD-DhAAL 
110 2 |a International Monetary Fund. 
245 1 0 |a Republic of San Marino :   |b Selected Issues for the 2010 Article IV Consultation. 
264 1 |a Washington, D.C. :  |b International Monetary Fund,  |c 2011. 
300 |a 1 online resource (47 pages) 
490 1 |a IMF Staff Country Reports 
500 |a <strong>Off-Campus Access:</strong> No User ID or Password Required 
500 |a <strong>On-Campus Access:</strong> No User ID or Password Required 
506 |a Electronic access restricted to authorized BRAC University faculty, staff and students 
520 3 |a This paper examines the development of the business model thus far and considers options for the future. The development of San Marino's financial system over the past two decades is outlined. San Marino's financial sector focuses on services to its residents and the residents of its large neighbor. San Marino's competitiveness is assessed on the basis of real exchange rates. The importance of a strong relationship with Italy may also require San Marino to take more initiatives to amend its position and acquire new skills. 
538 |a Mode of access: Internet 
830 0 |a IMF Staff Country Reports; Country Report ;  |v No. 2011/079 
856 4 0 |z Full text available on IMF  |u http://elibrary.imf.org/view/journals/002/2011/079/002.2011.issue-079-en.xml  |z IMF e-Library